000
00266nam a2200109Ia 4500
008
200302s9999 xx 000 0 und d
100
_a
Viv Foster(Edi)
245
_a
The Stained Glass Handbook
260
_b
Quantum Publishing Ltd.,
260
_c
2006
300
_a
223 P
999
_c
4935
_d
4935